000 00551nam a22001817a 4500
003 OSt
005 20220815092806.0
008 220815b |||||||| |||| 00| 0 eng d
020 _a9987659020
040 _cIFM Library
082 _a658.072
100 _aKaijage, Erasmus S
_9480
245 _aFaculty of Commerce and Management Graduates and Their Employers
260 _aDar es Salaam:
_bDUP,
_c2000
300 _aix, 191p.: ill.; 25cm.
650 _aFaculty of Commerce and Management Graduates and Their Employers
_9481
942 _cBK
_2ddc
_n0
999 _c13069
_d13069